| 000 | 00740nam a22002537a 4500 | ||
|---|---|---|---|
| 003 | UA-OsUOA | ||
| 001 | 21813 | ||
| 007 | ta | ||
| 008 | 20031214b un ||||| |||| 00| 0 ukr d | ||
| 100 | _aДей А. Колин | ||
| 090 |
_a004.382.7 _bД27 |
||
| 942 | _cBK | ||
| 040 |
_aUA-OsUOA _brus _cUA-OsUOA _dUA-OsUOA |
||
| 245 |
_aVentura Publisher 2.0 _bПрактическое пособие _cПер. М.Л.Сальников Ю.В.Сальникова |
||
| 300 |
_a176 с. _bІлюстрації |
||
| 955 | _a0 | ||
| 041 | _arus | ||
| 080 | _a004.382.7 | ||
| 020 | _a5-279-00945-8 | ||
| 260 |
_aМосква _bКомпьютер, Финансы и статистика _c1992 |
||
| 044 | _aRU | ||
| 650 | 7 | _2UDC | |
| 999 |
_c308022 _d308022 |
||